Modelo de atención a víctimas en México /

Propuestas alternativas de atención eficaz a las personas que han sido sujetas o expuestas al abuso de poder, ya sea de la autoridad pública o de cualquier individuo que lo represente. Contiene: El derecho victimal; Servicio a víctimas en México; Modelos de agencias especializadas en delitos sexuale...

Descripción completa

Guardado en:
Detalles Bibliográficos
Autor principal: Lima Malvido, María de la Luz (autor)
Otros autores: Rodríguez Manzanera, Luis (prólogo) (prólogo)
Formato: Libro
Idioma:Español
Publicado: México : Porrúa, 2004, c2004
Temas:
Etiquetas: Agrega una etiqueta
Sin etiquetas, Sé el primero en etiquetar este registro!

MARC

LEADER 00000nam^a2200000^a^4500
001 000176186
005 20250521000000.0
009 20260310101630.401
020 |a 970-07-4720-4 
037 |a Acervo ITESO - Biblioteca 
041 |a ESP 
082 |a 364. 10972  |b LIM 
100 |a Lima Malvido, María de la Luz  |e (autor) 
245 1 0 |a Modelo de atención a víctimas en México /  |c M.L. Lima Malvido ; pról. de L. Rodríguez Manzanera. 
264 4 |a México :  |b Porrúa,  |c 2004, c2004 
300 |a X, 241 p. 
336 |a texto  |b txt  |2 rdacontenido 
337 |a sin mediación  |b n  |2 rdamedio 
338 |a volumen  |b nc  |2 rdasoporte 
520 |a Propuestas alternativas de atención eficaz a las personas que han sido sujetas o expuestas al abuso de poder, ya sea de la autoridad pública o de cualquier individuo que lo represente. Contiene: El derecho victimal; Servicio a víctimas en México; Modelos de agencias especializadas en delitos sexuales; Modelo del centro de búsquedas de personas extraviadas o ausentes; Estudio para diseñar un modelo de atención contra la violencia intrafamiliar; Anexos. 
649 |a XX 
650 |a Delitos Sexuales -  |z México 
650 |a Desaparecidos -  |z México 
650 |a Violencia Doméstica -  |z México 
650 |a Asistencia Social -  |z México 
650 |a Asistencia Pública -  |z México 
650 |a Victimología -  |z México 
650 |a Criminología -  |z México 
700 |a Rodríguez Manzanera, Luis  |e (prólogo) 
910 |a Fondo General 
920 |a Impresos - Libros 
930 |a Colección General 
905 |a 101 
901 |a 0500114477  |b IT1  |c ACC  |u 20250521 
902 |a https://opac.biblio.iteso.mx/vufind/Record/000176186